00422nam a2200157Ia 4500008004100000082001100041100002900052245003400081250000600115260000900121300000800130600002900138630003400167700002900201730003400230090124s9999 xx 000 0 und d b121076 aकाकडे द.स. a प्रेम बंधन a1 c1985 a228 aकाकडे द.स. a प्रेम बंधन aकाकडे द.स. a प्रेम बंधन